00634 2200229 4500001002100000005001700021008004100038020001800079035002400097082001300121090002000134100002300154245007500177260004100252300002800293650001400321700002200335850001500357980001100372985000600383999001500389YOGYA-0209000001358720090227022334.0 ind  a979-20-4502-8 0010-020900000013587 a133.3337 a133.3336bDew F aDEWI, Jenie Kumala aFeng Shui rumah tinggal dan kantorcJenie Kumala Dewi, herman Wilianto aJakartabElex Media Komputindoc2003 aXI, 94 hlmbIlusc21 cm aFeng Shui aWILLIANTO, herman aYOPDYOG(B) a050705 a1 a03P0004538